000 01730nam a2200397 a 4500
999 _c61554
_d61554
003 BLK
005 20250114154038.0
008 180408b bul|||||r ||||||| ||bul||
010 _aKNG00065756000
040 _aBLK
041 _aBUL
_cBUL
080 _aОрганизация на възпитанието и образованието. Училищно дело.
_b37.09
_x(497.2)(09)
_z37.09(497.2)(09)
139 _aИстория на образованието и педагогическата мисъл в България
_bИ 95
245 1 0 _aИстория на образованието и педагогическата мисъл в България
_bТ. 1 -
_cред. кол. Найден Чакъров.
_nТ. 1
257 _aBGR
260 _aСофия
_bНар. просв.
_c1975 -
_fВ. Търново : Д. Найденов
300 _c21 см
380 _a3
650 4 _aОбразование и просвета - България
_9262383
650 4 _aПедагогика - история
_9165935
650 4 _aУчебно-възпитателна работа
_9246003
653 _aобразование
653 _aпедагогика
653 _aистория на образованието
653 _aБългария
700 1 _aЧакъров, Найден
_eред. кол.
_9368518
760 1 _d1975
_h368 с.
_nБиблиогр. под линия. - Именен показалец
_tТ. 1
852 _aЦб 77884
856 4 _qpdf
856 4 _qpdf
942 _cKNG
_n0
_02
_s1
944 _aCR
_c13.06.2004
_k30535
_lХристина Везирева
944 _aED
_c23.06.2016
_kНора_Радева
944 _aED
_c2022-10-05
_kир
999 _d61554